000 00275nam a2200109Ia 4500
008 230822s2010 xx 000 0 und d
041 _aeng
100 _aMORE SHAMRAO
245 _aAVANI SAMRAT LOKSHAHIR PATHE BAPURAO
260 _bVIJAYA MADHAV AADKAR
_c2010
300 _a200
999 _c858313
_d858313